[Event "Lotto Mistrzostwa Polski"]
[Site "Warsaw POL"]
[Date "2017.03.26"]
[Round "6.3"]
[White "Gajewski, Grzegorz"]
[Black "Heberla, Bartlomiej"]
[Result "1/2-1/2"]
[WhiteElo "2615"]
[BlackElo "2577"]
[PlyCount "65"]
[EventDate "2017.??.??"]

1. d4 d5 2. c4 e6 3. Nc3 Nf6 4. Bg5 Nbd7 5. e3 h6 6. Bh4 Be7 7. Nf3 O-O 8. Bd3
c5 9. cxd5 Nxd5 10. Bxe7 Nxe7 11. O-O b6 12. Be4 Rb8 13. Qa4 a6 14. dxc5 Nxc5
15. Qa3 a5 16. Rfd1 Qe8 17. Ne5 Ba6 18. Rd6 Nxe4 19. Nxe4 Nf5 20. Nd7 Nxd6 21.
Qxd6 Qc8 22. Nxb8 Qxb8 23. Rc1 Qa8 24. f3 Bb7 25. Ng3 Bd5 26. e4 Bxa2 27. Qa3
Rc8 28. Rxc8+ Qxc8 29. Qxa2 Qc1+ 30. Kf2 Qc5+ 31. Kf1 Qc1+ 32. Kf2 Qc5+ 33. Kf1
1/2-1/2

[Event "Lotto Mistrzostwa Polski"]
[Site "Warsaw POL"]
[Date "2017.03.26"]
[Round "6.4"]
[White "Jarmula, Lukasz"]
[Black "Mista, Aleksander"]
[Result "1-0"]
[WhiteElo "2473"]
[BlackElo "2617"]
[PlyCount "55"]
[EventDate "2017.??.??"]

1. e4 e5 2. Nf3 Nc6 3. Bb5 a6 4. Ba4 d6 5. Bxc6+ bxc6 6. d4 f6 7. Be3 g6 8. Qd2
Bg7 9. h3 Ne7 10. Nc3 O-O 11. Bh6 exd4 12. Nxd4 Bxh6 13. Qxh6 d5 14. O-O-O Qd6
15. Rhe1 Rb8 16. exd5 cxd5 17. Rxe7 Qxe7 18. Nc6 Qc5 19. Nxb8 d4 20. Ne4 Qb6
21. g4 c5 22. Re1 Be6 23. g5 Qa5 24. Rd1 Qxa2 25. Nxf6+ Rxf6 26. gxf6 Qa1+ 27.
Kd2 Qa5+ 28. c3 1-0

[Event "Lotto Mistrzostwa Polski"]
[Site "Warsaw POL"]
[Date "2017.03.26"]
[Round "6.5"]
[White "Piorun, Kacper"]
[Black "Tomczak, Jacek"]
[Result "1-0"]
[WhiteElo "2648"]
[BlackElo "2601"]
[PlyCount "147"]
[EventDate "2017.??.??"]

1. d4 Nf6 2. Bf4 b6 3. e3 Bb7 4. Nf3 d6 5. h3 g6 6. Be2 Bg7 7. O-O O-O 8. a4 a5
9. Bh2 Nfd7 10. Na3 e5 11. c3 Qe7 12. Re1 Rd8 13. Qb3 Nf8 14. Nb5 Kh8 15. Rad1
Na6 16. Nd2 f5 17. Nc4 Nd7 18. Bf1 Rf8 19. Qa3 Qe6 20. Nd2 Qf6 21. dxe5 Nxe5
22. f4 Nd7 23. e4 fxe4 24. Nxe4 Bxe4 25. Rxe4 Ndc5 26. Re2 Rae8 27. b4 Rxe2 28.
Bxe2 Qe6 29. Bf3 Nd3 30. Bg3 Nxf4 31. Kh2 Be5 32. Nd4 Qf6 33. Nc6 Bxc3 34. bxa5
bxa5 35. Qb3 Nc5 36. Qc4 g5 37. Rc1 Be5 38. Nxe5 Qxe5 39. Re1 Qf6 40. Bf2 Nfe6
41. Kh1 Kg7 42. Bg1 Rb8 43. Bg4 Rb4 44. Qd5 Nd4 45. Re8 Rb1 46. Kh2 Rxg1 47.
Kxg1 Nd3 48. Qg8+ Kh6 49. Rf8 Qg7 50. Qxg7+ Kxg7 51. Ra8 Kf6 52. Rxa5 c5 53.
Ra8 c4 54. a5 c3 55. Bd1 Nb4 56. a6 Nbc6 57. a7 Nxa7 58. Rxa7 c2 59. Bxc2 Nxc2
60. Rxh7 Nd4 61. Kf2 Nf5 62. Ra7 Ke5 63. g3 d5 64. Ra8 Nd4 65. Rg8 Ne6 66. h4
Kf6 67. h5 Kf7 68. Rg6 Nc5 69. Ke3 Ne6 70. g4 d4+ 71. Ke4 d3 72. Ke3 Nd4 73.
Rd6 Ne6 74. Rxd3 1-0

[Event "Lotto Mistrzostwa Polski"]
[Site "Warsaw POL"]
[Date "2017.03.27"]
[Round "7.1"]
[White "Tomczak, Jacek"]
[Black "Socko, Bartosz"]
[Result "1-0"]
[WhiteElo "2601"]
[BlackElo "2590"]
[PlyCount "83"]
[EventDate "2017.??.??"]

1. e4 e5 2. Nf3 Nc6 3. Bb5 a6 4. Ba4 Nf6 5. O-O Be7 6. Re1 b5 7. Bb3 d6 8. c3
O-O 9. h3 Nb8 10. d4 Nbd7 11. c4 c6 12. Nc3 b4 13. Ne2 Nxe4 14. Qc2 f5 15. c5+
d5 16. Be3 Qc7 17. Rad1 f4 18. Nxf4 exf4 19. Qxe4 fxe3 20. Qxe7 exf2+ 21. Kxf2
Rf7 22. Qd6 Qxd6 23. cxd6 Bb7 24. Kg1 Nf8 25. Ne5 Rf6 26. d7 Rd8 27. Rc1 Nxd7
28. Nxc6 Bxc6 29. Rxc6 Kf8 30. Ree6 Rxe6 31. Rxe6 Nf6 32. Rxa6 Re8 33. Rb6 Re1+
34. Kf2 Rb1 35. Rxb4 Rxb2+ 36. Kf3 Rd2 37. a4 Rd3+ 38. Ke2 Rc3 39. a5 Rc6 40.
Rb6 Rc8 41. a6 Ne4 42. a7 1-0

[Event "Lotto Mistrzostwa Polski"]
[Site "Warsaw POL"]
[Date "2017.03.27"]
[Round "7.3"]
[White "Heberla, Bartlomiej"]
[Black "Jarmula, Lukasz"]
[Result "1-0"]
[WhiteElo "2577"]
[BlackElo "2473"]
[PlyCount "105"]
[EventDate "2017.??.??"]

1. Nf3 d5 2. g3 c6 3. Bg2 Bg4 4. O-O e6 5. d4 Nd7 6. Nbd2 Ngf6 7. Re1 Be7 8. e4
O-O 9. c3 Bh5 10. Qe2 Bg6 11. exd5 cxd5 12. Nh4 Bh5 13. Qb5 Ne8 14. Qxb7 a6 15.
Qb3 Bxh4 16. gxh4 Qxh4 17. Qa3 Nef6 18. Re3 Ng4 19. Rg3 Qxh2+ 20. Kf1 Bg6 21.
Nf3 Bd3+ 22. Ke1 Qh5 23. Qd6 Ndf6 24. Qf4 Rfe8 25. Ne5 Nxe5 26. Qxe5 Bg6 27.
Bf4 Qxe5+ 28. Bxe5 Nd7 29. Bd6 Be4 30. Bf1 e5 31. Bh3 Ra7 32. Bxd7 Rxd7 33.
dxe5 f6 34. f4 fxe5 35. fxe5 Rf7 36. Ke2 Bg6 37. Ke3 Rb7 38. b3 Rc8 39. Kd4 Bf7
40. Rf1 Be6 41. Rf6 Bf7 42. e6 Bg6 43. Rgxg6 hxg6 44. Rf3 Re8 45. e7 Rexe7 46.
Bxe7 Rxe7 47. Kxd5 g5 48. c4 Rd7+ 49. Ke6 Rd2 50. c5 Re2+ 51. Kd7 g4 52. Rd3
Kf7 53. c6 1-0

[Event "Lotto Mistrzostwa Polski"]
[Site "Warsaw POL"]
[Date "2017.03.27"]
[Round "7.4"]
[White "Sadzikowski, Daniel"]
[Black "Gajewski, Grzegorz"]
[Result "0-1"]
[WhiteElo "2541"]
[BlackElo "2615"]
[PlyCount "98"]
[EventDate "2017.??.??"]

1. e4 e5 2. Nf3 Nc6 3. Bb5 Nf6 4. O-O Nxe4 5. Re1 Nd6 6. Nxe5 Be7 7. Bf1 Nxe5
8. Rxe5 O-O 9. d4 Bf6 10. Re2 Nf5 11. c3 d5 12. Bf4 Nh4 13. Na3 c6 14. Nc2 g5
15. Bg3 Ng6 16. Qd2 g4 17. Bf4 Nxf4 18. Qxf4 Bg5 19. Qg3 Qf6 20. Rae1 Qh6 21.
Qd3 Bd7 22. c4 dxc4 23. Qxc4 Rad8 24. Qb4 b6 25. Ne3 f5 26. Nc4 f4 27. Ne5 f3
28. Re4 Bf5 29. Nxg4 Qg7 30. g3 Bxe4 31. Rxe4 Kh8 32. Ne5 c5 33. dxc5 Rf5 34.
Nc6 bxc5 35. Qa4 Rdf8 36. h4 Bf4 37. Kh1 Qxb2 38. Kg1 Qg7 39. Kh1 Qb2 40. Kg1
Qg7 41. Kh1 Bd6 42. Qc2 Qa1 43. Qc4 Rd5 44. Kg1 Rd2 45. Nxa7 Bxg3 46. fxg3 Rg2+
47. Kh1 Rxg3 48. Kh2 Rfg8 49. Re8 Qb2+ 0-1

[Event "Lotto Mistrzostwa Polski"]
[Site "Warsaw POL"]
[Date "2017.03.27"]
[Round "7.5"]
[White "Bartel, Mateusz"]
[Black "Krasenkow, Michal"]
[Result "0-1"]
[WhiteElo "2638"]
[BlackElo "2617"]
[PlyCount "106"]
[EventDate "2017.??.??"]

1. e4 c5 2. Nf3 e6 3. b3 d6 4. d4 cxd4 5. Nxd4 Nf6 6. Bd3 g6 7. Ba3 a6 8. Nd2
Nbd7 9. O-O Qc7 10. f4 Nc5 11. b4 Nxd3 12. cxd3 Bg7 13. Bb2 O-O 14. Rc1 Qd8 15.
N2b3 Qb6 16. Kh1 Qxb4 17. Rc4 Qb6 18. Qa1 e5 19. fxe5 dxe5 20. Nc2 Ng4 21. Qe1
Be6 22. Rc3 Rfc8 23. h3 Rxc3 24. Bxc3 Bxb3 25. axb3 Rc8 26. Nb4 Ne3 27. Qf2 f5
28. Bd2 f4 29. Rb1 Bf8 30. Na2 Bc5 31. Qe2 Bd4 32. Nb4 Qc5 33. Qe1 a5 34. Rc1
Qf8 35. Rxc8 Qxc8 36. Nd5 Nxd5 37. exd5 f3 38. Be3 fxg2+ 39. Kxg2 Qc2+ 40. Qd2
Qc5 41. Bxd4 Qxd5+ 42. Kh2 exd4 43. Qf4 Kg7 44. Qc7+ Kf6 45. Qxh7 Qe5+ 46. Kg2
Qe2+ 47. Kg1 Qxd3 48. Qh8+ Kf5 49. Qf8+ Ke4 50. Qe7+ Kf3 51. Qxb7+ Qe4 52. Qf7+
Kg3 53. Qf6 Qg2# 0-1

[Event "Lotto Mistrzostwa Polski"]
[Site "Warsaw POL"]
[Date "2017.03.28"]
[Round "8.1"]
[White "Socko, Bartosz"]
[Black "Krasenkow, Michal"]
[Result "1/2-1/2"]
[WhiteElo "2590"]
[BlackElo "2620"]
[PlyCount "73"]
[EventDate "2017.??.??"]

1. d4 Nf6 2. c4 g6 3. Nc3 d5 4. cxd5 Nxd5 5. Bd2 Nb6 6. e3 Bg7 7. f4 O-O 8. Nf3
Be6 9. Ne4 Bd5 10. Bd3 Nc4 11. Qc2 Nxd2 12. Nfxd2 Nd7 13. O-O e6 14. Rac1 Rc8
15. b4 f5 16. Nc5 Nxc5 17. bxc5 g5 18. Rce1 Kh8 19. Bc4 gxf4 20. Rxf4 c6 21.
Nf3 b6 22. cxb6 axb6 23. Qe2 Ra8 24. Ne5 Ra5 25. Rc1 c5 26. Rf2 Bxe5 27. dxe5
b5 28. Bxb5 Rxa2 29. Rc2 Rxc2 30. Qxc2 Qb8 31. Bf1 Qb4 32. Rf4 Qa3 33. Qf2 c4
34. Bxc4 Qa1+ 35. Qf1 Qxe5 36. Qd3 Bxc4 37. Rxc4 1/2-1/2

[Event "Lotto Mistrzostwa Polski"]
[Site "Warsaw POL"]
[Date "2017.03.28"]
[Round "8.2"]
[White "Gajewski, Grzegorz"]
[Black "Bartel, Mateusz"]
[Result "0-1"]
[WhiteElo "2615"]
[BlackElo "2638"]
[PlyCount "94"]
[EventDate "2017.??.??"]

1. Nf3 d5 2. g3 Nc6 3. d4 Bf5 4. c4 e5 5. Nxe5 Nxe5 6. dxe5 dxc4 7. Qa4+ c6 8.
Bg2 Be6 9. O-O Ne7 10. Rd1 Qc7 11. Na3 Rc8 12. Qxa7 Ng6 13. f4 b5 14. Qf2 Bxa3
15. bxa3 O-O 16. Be3 Bd5 17. Bb6 Qb7 18. e4 c5 19. Bxc5 Bxe4 20. Bxf8 Nxf8 21.
Bxe4 Qxe4 22. Rd4 Qa8 23. Qe3 Ne6 24. Rd6 h6 25. Rf1 c3 26. f5 Ng5 27. h4 Ne4
28. Rd4 Nd2 29. Rg4 Kh7 30. f6 g6 31. Rc1 Nf3+ 32. Kf2 Rd8 33. Re4 Nd2 34. Rf4
Nc4 35. Qe4 Rd2+ 36. Kg1 Qxa3 37. h5 Qc5+ 38. Kh1 Nxe5 39. hxg6+ Nxg6 40. Rf5
Qc7 41. Rf3 Qd7 42. Rf5 Rxa2 43. Rcf1 Rd2 44. Kg1 c2 45. Qe3 Rd1 46. Rc5 Rd3
47. Qe4 Qa7 0-1

[Event "Lotto Mistrzostwa Polski"]
[Site "Warsaw POL"]
[Date "2017.03.28"]
[Round "8.3"]
[White "Jarmula, Lukasz"]
[Black "Sadzikowski, Daniel"]
[Result "1/2-1/2"]
[WhiteElo "2473"]
[BlackElo "2541"]
[PlyCount "60"]
[EventDate "2017.??.??"]

1. e4 c5 2. Nf3 d6 3. d4 cxd4 4. Nxd4 Nf6 5. Nc3 a6 6. Be2 e5 7. Nb3 Be7 8. O-O
O-O 9. Kh1 Nc6 10. f3 Be6 11. Nd5 a5 12. Be3 a4 13. Nc1 Bxd5 14. exd5 Nd4 15.
Bxd4 exd4 16. Qxd4 Nd7 17. Rb1 Qa5 18. Rd1 Bf6 19. Qf4 Qc5 20. c4 Rfe8 21. Nd3
Qb6 22. Bf1 Ne5 23. Nxe5 Rxe5 24. Qd2 Qe3 25. Qxe3 Rxe3 26. Bd3 g6 27. b4 axb3
28. axb3 b6 29. b4 Ra3 30. Bf1 Reb3 1/2-1/2

[Event "Lotto Mistrzostwa Polski"]
[Site "Warsaw POL"]
[Date "2017.03.28"]
[Round "8.4"]
[White "Piorun, Kacper"]
[Black "Heberla, Bartlomiej"]
[Result "1/2-1/2"]
[WhiteElo "2648"]
[BlackElo "2577"]
[PlyCount "41"]
[EventDate "2017.??.??"]

1. e4 c5 2. Nf3 e6 3. d4 cxd4 4. Nxd4 Nf6 5. Nc3 Nc6 6. Ndb5 d6 7. Bf4 e5 8.
Bg5 a6 9. Na3 Be6 10. Nc4 Rb8 11. Bxf6 Qxf6 12. Nxd6+ Bxd6 13. Qxd6 Rd8 14. Qc5
Nd4 15. Bd3 Rc8 16. Qd6 Rc6 17. Qb8+ Rc8 18. Qd6 Rc6 19. Qb8+ Rc8 20. Qd6 Rc6
21. Qb8+ 1/2-1/2

[Event "Lotto Mistrzostwa Polski"]
[Site "Warsaw POL"]
[Date "2017.03.28"]
[Round "8.5"]
[White "Tomczak, Jacek"]
[Black "Mista, Aleksander"]
[Result "1-0"]
[WhiteElo "2601"]
[BlackElo "2617"]
[PlyCount "117"]
[EventDate "2017.??.??"]

1. e4 c5 2. Nf3 Nc6 3. d4 cxd4 4. Nxd4 g6 5. c4 Bg7 6. Be3 Nf6 7. Nc3 O-O 8.
Be2 d6 9. O-O Bd7 10. Nc2 Qa5 11. f3 Rfc8 12. Rc1 Be8 13. Na3 Nd7 14. Qd2 Nc5
15. Rfd1 Na4 16. Nab5 Nxc3 17. Nxc3 Ne5 18. b3 Bc6 19. Bg5 Qd8 20. Qe3 Nd7 21.
b4 b6 22. Nd5 f6 23. Bh4 Qf8 24. f4 e6 25. Nc3 Bh6 26. Bg3 Ne5 27. Qf2 Nf7 28.
a4 Qe7 29. Ra1 Rab8 30. a5 Ba8 31. axb6 axb6 32. Ra6 b5 33. Ra7 Rb7 34. Nxb5
Rxa7 35. Qxa7 Qxa7+ 36. Nxa7 Rb8 37. c5 dxc5 38. bxc5 Bf8 39. Rc1 Rb2 40. Kf1
Ra2 41. Nb5 Nd8 42. Nd4 Ra4 43. Bf2 Bxe4 44. Bb5 Ra7 45. c6 Rc7 46. Be1 e5 47.
Ba5 Nxc6 48. Bxc6 Bd3+ 49. Kf2 Ra7 50. Bd5+ Kh8 51. Nc6 Rd7 52. Be6 Rd6 53. Nd8
Ra6 54. Rc7 Bd6 55. Nf7+ Kg7 56. Nxd6+ Kh6 57. Nf7+ Kh5 58. Nxe5 Rxe6 59. Rxh7#
1-0

[Event "Lotto Mistrzostwa Polski"]
[Site "Warsaw POL"]
[Date "2017.03.29"]
[Round "9.1"]
[White "Mista, Aleksander"]
[Black "Socko, Bartosz"]
[Result "1/2-1/2"]
[WhiteElo "2617"]
[BlackElo "2590"]
[PlyCount "88"]
[EventDate "2017.??.??"]

1. e4 e6 2. d4 d5 3. Nd2 c5 4. exd5 exd5 5. Bb5+ Bd7 6. Bxd7+ Nxd7 7. Ngf3 Ngf6
8. O-O Be7 9. dxc5 Nxc5 10. Re1 O-O 11. Nf1 Re8 12. Be3 Rc8 13. c3 a6 14. Bd4
Ne6 15. Be5 Ng4 16. Bg3 Qa5 17. Nd4 Nxd4 18. Qxg4 Ne6 19. Ne3 g6 20. Be5 Rcd8
21. Nf5 Bf8 22. Re3 d4 23. cxd4 h5 24. Qg3 Qd2 25. Rf1 Qxb2 26. Qh4 Rd5 27. Ng3
Bg7 28. Ne4 Rxe5 29. dxe5 Bxe5 30. Ng3 Bxg3 31. Qxg3 Qxa2 32. f4 Qc4 33. f5 h4
34. Qe1 gxf5 35. Rxf5 Rd8 36. Rf1 b5 37. Qf2 Rd7 38. Kh1 Qd4 39. Qf3 Ng5 40.
Re8+ Kg7 41. Qa8 Qf6 42. Kg1 Qb6+ 43. Kh1 Qf6 44. Kg1 Qd4+ 1/2-1/2

[Event "Lotto Mistrzostwa Polski"]
[Site "Warsaw POL"]
[Date "2017.03.29"]
[Round "9.2"]
[White "Heberla, Bartlomiej"]
[Black "Tomczak, Jacek"]
[Result "0-1"]
[WhiteElo "2577"]
[BlackElo "2601"]
[PlyCount "82"]
[EventDate "2017.??.??"]

1. e4 c6 2. d4 d5 3. e5 Bf5 4. Nf3 e6 5. Be2 Nd7 6. O-O Ne7 7. Nh4 Bg6 8. Nd2
Nf5 9. Nxg6 hxg6 10. Nf3 f6 11. Bd3 Qc7 12. Re1 O-O-O 13. g3 fxe5 14. dxe5 Be7
15. Ng5 Bxg5 16. Bxg5 Rdf8 17. c3 Qb6 18. Qd2 Nc5 19. Re2 Rh5 20. Bxf5 gxf5 21.
Be3 f4 22. Bxf4 Ne4 23. Qd4 c5 24. Qd1 Rfh8 25. h4 g5 26. Rxe4 dxe4 27. Bxg5
Rxg5 28. hxg5 e3 29. Qe2 Qc6 30. f3 Qc7 31. Qd3 c4 32. Qe4 Qc5 33. Qd4 Qe7 34.
Rd1 Qxg5 35. Qf4 Qg6 36. Re1 Kb8 37. g4 Qh7 38. Kf1 Qc2 39. Re2 Qd1+ 40. Re1
Qc2 41. Re2 Qc1+ 0-1

[Event "Lotto Mistrzostwa Polski"]
[Site "Warsaw POL"]
[Date "2017.03.29"]
[Round "9.3"]
[White "Sadzikowski, Daniel"]
[Black "Piorun, Kacper"]
[Result "1/2-1/2"]
[WhiteElo "2541"]
[BlackElo "2648"]
[PlyCount "41"]
[EventDate "2017.??.??"]

1. e4 e5 2. f4 exf4 3. Bc4 Qh4+ 4. Kf1 d6 5. Nc3 Be6 6. Bb3 Nf6 7. Nf3 Qh6 8.
d4 Be7 9. Kg1 O-O 10. g3 Nh5 11. Nd5 Bxd5 12. Bxd5 c6 13. Bc4 Qg6 14. Kg2 fxg3
15. h3 Nd7 16. Rf1 Nhf6 17. Bd3 Qh5 18. Be2 Qg6 19. Bd3 Qh5 20. Be2 Qg6 21. Bd3
1/2-1/2

[Event "Lotto Mistrzostwa Polski"]
[Site "Warsaw POL"]
[Date "2017.03.29"]
[Round "9.4"]
[White "Bartel, Mateusz"]
[Black "Jarmula, Lukasz"]
[Result "1-0"]
[WhiteElo "2638"]
[BlackElo "2473"]
[PlyCount "63"]
[EventDate "2017.??.??"]

1. e4 c5 2. Nf3 d6 3. Bb5+ Nd7 4. O-O a6 5. Bd3 Ngf6 6. Re1 e5 7. c3 Be7 8. a4
O-O 9. Bc2 b6 10. d4 Bb7 11. d5 Ne8 12. Na3 b5 13. Be3 Nc7 14. Qe2 Rb8 15. Nd2
Bg5 16. Nf1 Bc8 17. b3 Bxe3 18. Nxe3 Nf6 19. Rf1 Qe7 20. axb5 axb5 21. c4 bxc4
22. bxc4 Ba6 23. Nf5 Qd7 24. Qd2 g6 25. Qg5 Nh5 26. Qe7 Rfd8 27. Qxd7 Rxd7 28.
Ba4 gxf5 29. Bxd7 fxe4 30. Rfb1 Rd8 31. Bf5 Nf6 32. Rb6 1-0

[Event "Lotto Mistrzostwa Polski"]
[Site "Warsaw POL"]
[Date "2017.03.29"]
[Round "9.5"]
[White "Krasenkow, Michal"]
[Black "Gajewski, Grzegorz"]
[Result "0-1"]
[WhiteElo "2620"]
[BlackElo "2615"]
[PlyCount "120"]
[EventDate "2017.??.??"]

1. Nf3 d5 2. d4 Nf6 3. c4 e6 4. Nc3 Bb4 5. Bg5 h6 6. Bxf6 Qxf6 7. e3 O-O 8. Rc1
dxc4 9. Bxc4 c5 10. O-O cxd4 11. Nxd4 Bd7 12. Ne4 Qe5 13. Qd3 Nc6 14. f4 Qa5
15. Nb3 Qb6 16. Rf3 Rad8 17. Rg3 f5 18. Nc3 Kh7 19. Na4 Qc7 20. Nac5 Bc8 21.
Qc2 Qe7 22. Bb5 e5 23. Bxc6 bxc6 24. fxe5 Bxc5 25. Qxc5 Qxc5 26. Rxc5 Rd1+ 27.
Kf2 Ba6 28. Rf3 Bd3 29. Kg3 g5 30. Rc3 Be4 31. Rf2 h5 32. Nc5 h4+ 33. Kh3 Bd5
34. Nd7 Rh8 35. Rxf5 Be6 36. Nf6+ Kg6 37. e4 Bxf5+ 38. exf5+ Kxf5 39. Ng4 Rd4
40. e6 Kxe6 41. Rxc6+ Kd5 42. Rc3 Rb8 43. Ra3 Rb7 44. Ra5+ Kd6 45. Rxg5 Rxb2
46. Ra5 Rbb4 47. Nh6 Rd3+ 48. g3 hxg3 49. hxg3 Rb7 50. Kh4 Rh7 51. Ra6+ Kc5 52.
g4 Rd6 53. Rxd6 Kxd6 54. Kg5 Ke6 55. Kg6 Rb7 56. g5 a5 57. Nf5 a4 58. Nd4+ Ke5
59. Ne2 Rc7 60. a3 Rc2 0-1